000 00212nam a22000857a 4500
008 160715b xxu||||| |||| 00| 0 eng d
100 _92915
_a Maxwell, J.C
245 _aThe Prelude
260 _aNew York
_b Penguin
_c1971
999 _c2480
_d2480